<?xml version="1.0" encoding="UTF-8"?><?xml-stylesheet type="text/xsl" href="static/style.xsl"?><OAI-PMH xmlns="http://www.openarchives.org/OAI/2.0/" xmlns:xsi="http://www.w3.org/2001/XMLSchema-instance" xsi:schemaLocation="http://www.openarchives.org/OAI/2.0/ http://www.openarchives.org/OAI/2.0/OAI-PMH.xsd"><responseDate>2026-06-07T07:13:30Z</responseDate><request verb="GetRecord" identifier="oai:riuma.uma.es:10630/36480" metadataPrefix="marc">https://riuma.uma.es/rest/oai/request</request><GetRecord><record><header><identifier>oai:riuma.uma.es:10630/36480</identifier><datestamp>2026-02-03T11:41:22Z</datestamp><setSpec>com_10630_2254</setSpec><setSpec>col_10630_37956</setSpec></header><metadata><record xmlns="http://www.loc.gov/MARC21/slim" xmlns:dcterms="http://purl.org/dc/terms/" xmlns:doc="http://www.lyncode.com/xoai" xmlns:xsi="http://www.w3.org/2001/XMLSchema-instance" xsi:schemaLocation="http://www.loc.gov/MARC21/slim http://www.loc.gov/standards/marcxml/schema/MARC21slim.xsd">
   <leader>00925njm 22002777a 4500</leader>
   <datafield ind2=" " ind1=" " tag="042">
      <subfield code="a">dc</subfield>
   </datafield>
   <datafield ind2=" " ind1=" " tag="720">
      <subfield code="a">Santiago-Méndez, Gloria</subfield>
      <subfield code="e">author</subfield>
   </datafield>
   <datafield ind2=" " ind1=" " tag="720">
      <subfield code="a">Barranco Merino, Robi</subfield>
      <subfield code="e">author</subfield>
   </datafield>
   <datafield ind2=" " ind1=" " tag="260">
      <subfield code="c">2024</subfield>
   </datafield>
   <datafield ind2=" " ind1=" " tag="520">
      <subfield code="a">En la era digital actual, las aulas de primaria están pobladas por una generación de nativos digitales, niños que han crecido inmersos en la tecnología desde su nacimiento. Esta realidad plantea nuevos desafíos y oportunidades en el ámbito educativo, donde la integración de herra-mientas tecnológicas innovadoras se vuelve cada vez más relevante. En este contexto, la Realidad Virtual (RV) emerge como una herramienta potencialmente transformadora para la educación primaria. La RV ofre-ce la posibilidad de crear experiencias inmersivas que pueden enrique-cer significativamente el proceso de aprendizaje. Permite a los estudian-tes comprender conceptos académicos complejos de una manera más intuitiva y vivencial, transportándolos virtualmente a experiencias que serían inaccesibles o difícilmente accesible desde el aula tradicional (Martín-Gutiérrez et al., 2017; Bogusevschi et al., 2020). Esta capacidad de la RV para generar entornos virtuales educativos abre nuevas vías para la innovación docente y el desarrollo de competencias en los alumnos. Este estudio se centra en analizar la respuesta afectiva-conductual de alumnos de primaria a través de distintas condiciones de RV.</subfield>
   </datafield>
   <datafield ind1="8" ind2=" " tag="024">
      <subfield code="a">978-84-1070-692-7</subfield>
   </datafield>
   <datafield ind1="8" ind2=" " tag="024">
      <subfield code="a">https://hdl.handle.net/10630/36480</subfield>
   </datafield>
   <datafield tag="653" ind2=" " ind1=" ">
      <subfield code="a">Investigación activa en educación</subfield>
   </datafield>
   <datafield ind2="0" ind1="0" tag="245">
      <subfield code="a">La realidad virtual como herramienta de innovación docente en aulas de primaria: estudio sobre la respuesta afectiva-conductual.</subfield>
   </datafield>
</record>
</metadata></record></GetRecord></OAI-PMH>